A book of scripts

Spremljeno u:
Bibliografski detalji
Glavni autor: Fairbank, Alfred (Autor)
Format: Knjiga
Jezik:engleski
Izdano: Melbourne Penguin Books 1949
Izdanje:1a. ed
Teme:
Oznake: Dodaj oznaku
Bez oznaka, Budi prvi tko označuje ovaj zapis!

MARC

LEADER 00000nam a2200000 a 4500
001 UCI1720
003 CL-VaPUC
008 070713e19490000AT |||||||||||||||||eng|d
082 0 4 |a 652  |b FAI  |2 21 
100 0 |a Fairbank, Alfred  |e author  |9 522372 
245 1 0 |a A book of scripts 
250 |a 1a. ed 
300 |a 64 p 
942 |c BK 
945 |d 20070713 00:00:00  |a jtorresc 
260 |a Melbourne  |b Penguin Books  |c 1949 
650 0 |a Escritura  |9 264941 
650 0 |a Historia  |9 255047 
650 0 |a Paleografía   |9 264942 
583 |a last modification  |c 20070713 00:00:00  |k Rodrigo Vera 
999 |c 326477  |d 326475 
952 |0 0  |1 0  |4 0  |6 652_000000000000000_FAI_1949  |7 0  |8 A  |9 408377  |a BIBGIM  |b BIBGIM  |d 2019-11-22  |i 4278119  |l 3  |o 652 FAI 1949  |p 4278119  |r 2025-03-24  |s 2025-03-24  |w 2019-11-22  |y BK  |k ORI